000 00856nam a2200229Ia 4500
003 GCL
008 140319s9999 xx 000 0 ara d
040 _aGCL /
_cGCL
082 0 4 _a692
_bف م
100 1 _aفاروق عباس حيدر
245 1 0 _aالموسوعة الحديثة فى تكنولوجيا تشييد المبانى = MODERN ENCYCLOPEDIA IN BUILDING COTSTRUCTION TECHNOLOGY /
_cفاروق عباس حيدر
260 _aالقاهرة :
_bمنشاة المعارف ،
_c1994
300 _a3 مج:
_bايض ؛
_c24 سم
650 0 4 _aهندسة الانشاءات
650 0 4 _aالتصميم الانشائى
650 0 4 _aنظرية الانشاءات
650 0 4 _aالمبانى
650 0 4 _aالهندسة الصحية
650 0 4 _aالمبانى العامة
650 0 4 _aمواصفات قياسية
942 _2ddc
_cBK
999 _c33154
_d33154